LEADER 01080cam0-22003611i-450- 001 990004674250403321 005 20080508085633.0 035 $a000467425 035 $aFED01000467425 035 $a(Aleph)000467425FED01 035 $a000467425 100 $a19990604g19659999km-y0itay50------ba 101 2 $agrc$ager 102 $aDE 105 $ay-------001yy 200 1 $aFragmente$fHeraklit$ghrsg. von Bruno Snell 205 $a5. Auflage 210 $aMünchen$cHeimeran$d1965 215 $a54 p.$d18 cm 225 1 $aTusculum-Bücherei 500 10$aFragmenta$m$951223 610 0 $aLetteratura greca$aHeraclito$aFragmenta 676 $a880.01 700 0$aHeraclitus :$cEphesius$f<6.-5. sec. a. C.>$0392743 702 1$aSnell,$bBruno 801 0$aIT$bUNINA$gRICA$2UNIMARC 901 $aBK 912 $a990004674250403321 952 $aP2B-600-TUSCULUM-HER25-200A-1965$bIst.Fil.Cl.2053$fFLFBC 952 $aP2B-600-TUSCULUM-HER25-200A-1965 bis$bIst.Fil.Cl.297$fFLFBC 959 $aFLFBC 996 $aFragmenta$951223 997 $aUNINA LEADER 02412nam 2200385 450 001 996279885303316 005 20230419203228.0 010 $a1-4673-8657-X 035 $a(CKB)3710000000644103 035 $a(NjHacI)993710000000644103 035 $a(EXLCZ)993710000000644103 100 $a20230419d2015 uy 0 101 0 $aeng 135 $aur||||||||||| 181 $ctxt$2rdacontent 182 $cc$2rdamedia 183 $acr$2rdacarrier 200 10$a2015 3rd International Conference on New Media (CONMEDIA) /$fInstitute of Electrical and Electronics Engineers 210 1$aPistacaway, New Jersey :$cIEEE,$d[2015] 210 4$dİ2015 215 $a1 online resource $cillustrations 300 $aIncludes index. 311 $a1-4673-8658-8 327 $aForeword from Committee -- Abstract of Keynotes -- Computational Science and Technology -- Strategic Information System -- Visualization Technology, User Interaction and Experience -- Embedded Systems and Communication -- Interactive Media Design and Mobile Technology -- DSS-ES, Business Intelligence and Management -- COPYRIGHT FORMS -- AUTHOR INDEX. 330 $aAnnotation Applications E Commerce, E Government, E Learning, Web Technology and Application Mobile Technology Mobile Application, Mobile Computing Embedded Systems and Communication Computer Networks Network and Security, Signal Processing, Sensor Network Network and Systems Computational Science and Technology Software Engineering, Operating Systems, Semantic Web, Ontological Engineering, Computing Platform, Infrastructure Technology Strategic Information System Cloud Computing, Knowledge Management, System Analysis and Design, Database Management, ERP System Business Intelligence and Management Data Mining, Data Management, Data Communication and Networking, Data Visualization, Data Warehousing, Intelligent Systems Risk Management Interactive Media Design Game Development, Animation Computer Simulation, Multimedia Application, User Interface Technology, Digital Technology for Creative Industry. 517 $a2015 3rd International Conference on New Media 606 $aDigital media$vCongresses 615 0$aDigital media 676 $a005.8 801 0$bNjHacI 801 1$bNjHacl 906 $aPROCEEDING 912 $a996279885303316 996 $a2015 3rd International Conference on New Media (CONMEDIA)$92500022 997 $aUNISA